Giáo trình thanh toán quốc tế : Dùng cho các trường đại học đã được bổ sung và cập nhật
Nội dung sách giới thiệu cơ sở của thanh toán Quốc tế, nghiệp vụ thanh toán Quốc tế, tài trợ ngoại thương và hệ thống câu hỏi, bài tập.
Guardat en:
| Autor principal: | |
|---|---|
| Format: | Llibre |
| Idioma: | Undetermined |
| Publicat: |
Hà Nội
Thống kê
2008
|
| Matèries: | |
| Etiquetes: |
Afegir etiqueta
Sense etiquetes, Sigues el primer a etiquetar aquest registre!
|
| Thư viện lưu trữ: | Trung tâm Học liệu Trường Đại học Cần Thơ |
|---|
| LEADER | 00948nam a2200217Ia 4500 | ||
|---|---|---|---|
| 001 | CTU_227932 | ||
| 008 | 210402s9999 xx 000 0 und d | ||
| 082 | |a 332.15 | ||
| 082 | |b T305 | ||
| 100 | |a Nguyễn, Văn Tiến | ||
| 245 | 0 | |a Giáo trình thanh toán quốc tế : | |
| 245 | 0 | |b Dùng cho các trường đại học đã được bổ sung và cập nhật | |
| 245 | 0 | |c Nguyễn Văn Tiến | |
| 260 | |a Hà Nội | ||
| 260 | |b Thống kê | ||
| 260 | |c 2008 | ||
| 520 | |a Nội dung sách giới thiệu cơ sở của thanh toán Quốc tế, nghiệp vụ thanh toán Quốc tế, tài trợ ngoại thương và hệ thống câu hỏi, bài tập. | ||
| 650 | |a Ngân hàng và hoạt động ngân hàng,Banks and banking | ||
| 650 | |x Kế toán,Accounting | ||
| 910 | |b dqhieu | ||
| 980 | |a Trung tâm Học liệu Trường Đại học Cần Thơ | ||